000
00189nam a2200073Ia 4500
008
170524s9999 xx 000 0 und d
100
_a
WHALEN- D. JOEL
245
4
_a
THE PROFFESSIONAL COMMUNICATION TOOL KIT
260
_b
SAGE
999
_c
8329
_d
8329